| 000 | 01224nam0a22003131 4500 | ||
|---|---|---|---|
| 001 | 2571220 | ||
| 005 | 20260407041939.0 | ||
| 021 |
_aRU _b87-41341 |
||
| 035 | _a(NLR Aleph) 006455110 | ||
| 090 |
_a5778499 _c5778499 |
||
| 100 | _a20110316d1986 |||y0rusy50 ca | ||
| 101 | 0 | _arus | |
| 102 | _aRU | ||
| 105 | _ay z ||||| | ||
| 200 | 1 |
_aГорно-рудная промышленность СССР в XI пятилетке _e(Анализ техн.-экон. показателей добычи железн. руд. подзем. способом) _fН.-и. горн.-руд. ин-т _gВыполн.: И.Т. Бабич и др. |
|
| 210 |
_aКривой Рог _cНИГРИ _d1986 |
||
| 215 |
_a225 с. _d20 |
||
| 320 | _aБиблиогр.: с. 225 | ||
| 333 | _aДля служеб. пользования | ||
| 686 |
_aУ9(2)305.451.0-24,0 _2rubbk |
||
| 702 | 1 |
_aБабич _bИ.Т. _gИван Трофимович _4570 |
|
| 712 | 0 | 2 |
_aКриворожский горнорудный институт _3RU\NLR\AUTH\8810014105 _9526111 |
| 801 | 0 |
_aRU _bNLR _gpsbo |
|
| 801 | 1 |
_aRU _bELAR _2rusmarc |
|
| 852 |
_aNLR _jDesideratum |
||
| 899 |
_aRuMoRGB _jДСП/ |
||
| 899 |
_aRuMoRGB _j22 87/445 |
||
| 942 | _cBOOK | ||
| 980 | _aNB | ||